Poesía en diseño (Record no. 10152)
[ view plain ]
| 000 -CABECERA | |
|---|---|
| campo de control de longitud fija | 00928nam a2200253 a 4500 |
| 001 - NÚMERO DE CONTROL | |
| campo de control | BRL_1340 |
| 005 - FECHA Y HORA DE LA ÚLTIMA TRANSACCIÓN | |
| campo de control | 20190320211145.0 |
| 008 - DATOS DE LONGITUD FIJA--INFORMACIÓN GENERAL | |
| campo de control de longitud fija | 070114s1976----mx-a######---#000-p#spa-# |
| 041 ## - CÓDIGO DE LENGUA | |
| Código de lengua del texto/banda sonora o título independiente | spa |
| 044 ## - CÓDIGO DEL PAÍS DE LA ENTIDAD EDITORA/PRODUCTORA | |
| Código MARC del país | mx |
| 084 ## - OTRO NÚMERO DE CLASIFICACIÓN | |
| Número de clasificación | PQ7161 |
| Número de documento/Ítem | .S26 1976 |
| 100 1# - ENTRADA PRINCIPAL--NOMBRE DE PERSONA | |
| Nombre de persona | Santana, Graciela |
| 9 (RLIN) | 26577 |
| 245 10 - MENCIÓN DE TÍTULO | |
| Título | Poesía en diseño |
| Resto del título | artesanía textil mazahua y otomí : Tonjo na joo : yonda jocu yo mbee mazahua nñje yo nojo |
| Mención de responsabilidad, etc. | Graciela Santana ; traducción Benito Hernández González. |
| 260 ## - PUBLICACIÓN, DISTRIBUCIÓN, ETC. | |
| Lugar de publicación, distribución, etc. | Santiago Coachochitlan, Temascalcingo Edo. de México |
| Nombre del editor, distribuidor, etc. | [s.n.] |
| Fecha de publicación, distribución, etc. | [ca. 1976] |
| 300 ## - DESCRIPCIÓN FÍSICA | |
| Extensión | 114 . |
| Otras características físicas | il. |
| Dimensiones | 21 cm. |
| 500 ## - NOTA GENERAL | |
| Nota general | Au1589 |
| 500 ## - NOTA GENERAL | |
| Nota general | Texto en: Español, mazahua y otomí |
| 650 14 - PUNTO DE ACCESO ADICIONAL DE MATERIA--TÉRMINO DE MATERIA | |
| Término de materia o nombre geográfico como elemento de entrada | Poesía |
| 9 (RLIN) | 17631 |
| 650 14 - PUNTO DE ACCESO ADICIONAL DE MATERIA--TÉRMINO DE MATERIA | |
| Término de materia o nombre geográfico como elemento de entrada | Fábricas textiles indígenas |
| Subdivisión geográfica | México |
| 9 (RLIN) | 26368 |
| 700 1# - PUNTO DE ACCESO ADICIONAL--NOMBRE DE PERSONA | |
| Nombre de persona | Hernández González, Benito |
| Término indicativo de función/relación | tr. |
| 9 (RLIN) | 26578 |
| 740 0# - PUNTO DE ACCESO ADICIONAL--TÍTULO RELACIONADO O ANALÍTICO NO CONTROLADO | |
| Título relacionado o analítico no controlado | Tonjo na joo : yonda jocu yo mbee mazahua nñje yo nojo |
| 902 ## - CATALOGADOR | |
| Iniciales | GRL |
| 942 ## - ELEMENTOS DE PUNTO DE ACCESO ADICIONAL (KOHA) | |
| Fuente del sistema de clasificación o colocación | Library of Congress Classification |
| Tipo de ítem Koha | Libros |
| Estado de retiro | Estado de pérdida | Estado dañado | No para préstamo | Localización permanente | Ubicación/localización actual | Fecha de adquisición | Número de inventario | Total de préstamos | Signatura topográfica completa | Código de barras | Fecha visto por última vez | Precio válido a partir de | Tipo de ítem Koha |
|---|---|---|---|---|---|---|---|---|---|---|---|---|---|
| El ejemplar forma parte de la colección y puede ser consultado según las políticas vigentes. | Biblioteca Centro de Estudios Ruth D. Lechuga | Biblioteca Centro de Estudios Ruth D. Lechuga | 07/01/2014 | Au1589 | PQ7161 .S26 1976 (Au1589) | GRL01499 | 22/03/2019 | 22/03/2019 | Libros |